| 000 | 00623nam a2200205 a 4500 | ||
|---|---|---|---|
| 001 | 000026305 | ||
| 005 | 20240412074252.0 | ||
| 008 | 110310s1971 dr 000 p spa d | ||
| 040 |
_aDO-SdBNP _bspa _cBNPHU |
||
| 082 |
_aRD861.44 _bV443t |
||
| 100 | 1 |
_aVeloz, Livia _935977 |
|
| 245 | 1 | 0 |
_aTransparencias : _bpoemas / _cLivia Veloz. |
| 260 |
_aSanto Domingo : _bLa Escuela Nueva, _c1971. |
||
| 300 |
_a79 p. ; _c21 cm. |
||
| 586 | _aPremio Salomé Ureña 1964 | ||
| 590 | _aInventariado, 2019/LP | ||
| 650 | 0 |
_aPoesía dominicana _966 |
|
| 650 | 0 |
_aLiteratura dominicana. _967 |
|
| 910 | _aValidado. Control de calidad MFF | ||
| 999 |
_c25797 _d25797 |
||